| 000 | 01113nam a2200241 a 4500 | ||
|---|---|---|---|
| 001 | 000026731 | ||
| 003 | OSt | ||
| 005 | 20250411115407.0 | ||
| 008 | 110324s1943 dr 000 0 spa d | ||
| 040 |
_aDO-SdBNP _bspa _cBNPHU |
||
| 049 | _a | ||
| 082 | 4 |
_a923.17293053 _bT866h _2 22 |
|
| 100 | 1 |
_aXimpa, Luis Carlos _977438 |
|
| 245 | 0 | 0 |
_aÁlbum homenaje al generalísimo Doctor Rafael Leónidas Trujillo Molina, benefactor de la patria y presidente de la República : _bcon motivo de su exaltación a la más alta magistratura del Estado / _cLuis García Xiampa |
| 246 | 1 | 3 | _aÁlbum homenaje a Trujillo |
| 260 |
_aCiudad Trujillo, República Dominicana : _bEdiciones Ximpa-Campa, _c1943. |
||
| 300 |
_a[265] p. : _bils., fots., retrs. ; _c47 cm. |
||
| 500 | _a"Ideado por el pintor y dibujante Luis García Ximpa, bajo cuya dirección se ha realizado la presente edición. | ||
| 600 | 1 | 4 |
_aTrujillo Molina, Raael Leonidas _d1891-1961 _x _y _977435 |
| 650 | 4 |
_aDiscuros presidenciales _xHistoria _yEra de Trujillo 1930-1961 _977437 |
|
| 910 | _aVMateo/Validado. Control de calidad MFF | ||
| 942 |
_2ddc _cLBS1 |
||
| 999 |
_c26223 _d26223 |
||